000 00609nam a2200217 a 4500
003 PILC
005 20150908142357.0
008 100312s19uu xx 00 eng d
020 _a9780071282437
050 _aQP 34.5
_b.T378 2009
100 _aTate, Philip.
245 _aSeeley's principles of anatomy and physiology /
_cPhilip Tate.
260 _aBoston :
_bMcGraw-Hill,
_c2009.
300 _axix, 843 pages :
_bcolor illustrations ;
_c27 cm.
650 _aHuman anatomy.
650 _aHuman physiology.
650 _aAnatomy.
650 _aPhysiology.
942 _cBK
_2lcc
_kFOR
999 _c23904
_d23904